LIBRARY & INFORMATION CENTRE, KCAET, TAVANUR

ONLINE PUBLIC ACCESS CATALOGUE (OPAC)

Evre Sookshikkanam / (Record no. 522)

MARC details
000 -LEADER
fixed length control field 00404cam a2200169ua 4500
041 ## - LANGUAGE CODE
Language code of text/sound track or separate title mal
082 ## - DEWEY DECIMAL CLASSIFICATION NUMBER
Classification number 894.812 7
Item number VAN/EV
100 ## - MAIN ENTRY--AUTHOR NAME
Personal name Vanakutty, .
245 ## - TITLE STATEMENT
Title Evre Sookshikkanam /
260 ## - PUBLICATION, DISTRIBUTION, ETC. (IMPRINT)
Place of publication Thrissur :
Name of publisher Current Books ,
Year of publication 1960.
300 ## - PHYSICAL DESCRIPTION
Number of Pages 130 ; .
942 ## - ADDED ENTRY ELEMENTS (KOHA)
Koha item type Books
Holdings
Withdrawn status Lost status Damaged status Home library Current library Date acquired Full call number Accession Number Koha item type
Withdrawn     KAUAET Malayalam University 07/04/2012 894.812 7 1766 Books
free website counter